[Event "TOP 16 A group"]
[Site "BELFORT"]
[Date "????.??.??"]
[Round "3.31"]
[White "Metzger, Clement"]
[Black "Pak, Alexander"]
[Result "1/2-1/2"]
[WhiteElo "2233"]
[BlackElo "2243"]
[PlyCount "74"]
[EventDate "2025.07.??"]
[WhiteTeam "BOIS COLOMBES"]
[BlackTeam "LYON"]
[WhiteTeamCountry "FRA"]
[BlackTeamCountry "FRA"]

1. e4 c5 2. Nf3 e6 3. c3 d5 4. exd5 Qxd5 5. d4 Nf6 6. Be2 Nc6 7. Na3 cxd4 8.
Nb5 Qd8 9. Nbxd4 Nxd4 10. Nxd4 Be7 11. O-O O-O 12. Bf4 Nd5 13. Bg3 Qb6 14. Qb3
Qc5 15. Bf3 a5 16. a4 Ra6 17. Rad1 Nf6 18. Rfe1 Rb6 19. Qa2 Bd7 20. Re5 Qc8 21.
Rxa5 Rd8 22. Re5 g6 23. a5 Ra6 24. Qb3 Ra7 25. Nb5 Ra6 26. Nd4 Ra7 27. Ra1 Bd6
28. Ree1 Bxg3 29. hxg3 Qb8 30. Qb4 Re8 31. Qc5 e5 32. Nb5 Bxb5 33. Qxb5 e4 34.
Qg5 Kg7 35. Bd1 Re5 36. Qf4 g5 37. Qd2 Raxa5 1/2-1/2

[Event "TOP 16 A group"]
[Site "BELFORT"]
[Date "????.??.??"]
[Round "3.32"]
[White "Crut, Aurelien"]
[Black "Bremond, Eric"]
[Result "1/2-1/2"]
[WhiteElo "2274"]
[BlackElo "2129"]
[PlyCount "201"]
[EventDate "2025.07.??"]
[WhiteTeam "LYON"]
[BlackTeam "BOIS COLOMBES"]
[WhiteTeamCountry "FRA"]
[BlackTeamCountry "FRA"]

1. e4 e5 2. Nf3 d6 3. d4 exd4 4. Nxd4 Nf6 5. Nc3 Be7 6. g3 d5 7. e5 Ng4 8. Bg2
O-O 9. Nf3 d4 10. Qxd4 Qxd4 11. Nxd4 Bc5 12. Nce2 Nxe5 13. Bf4 Nbd7 14. O-O c6
15. Rad1 Ng6 16. Bc1 Nf6 17. h3 Bd7 18. Nb3 Bb6 19. Bg5 Rad8 20. Nc3 Bf5 21.
Bxf6 gxf6 22. Ne4 Kg7 23. c4 Bxe4 24. Bxe4 Rfe8 25. Bg2 Re2 26. c5 Bc7 27. Rxd8
Bxd8 28. Rd1 Be7 29. Rd7 b6 30. cxb6 axb6 31. Bxc6 Rxb2 32. Nd4 f5 33. Nxf5+
Kf6 34. Nxe7 Nxe7 35. Be4 h6 36. Rb7 Rxa2 37. Rxb6+ Kg7 38. Rb7 Kf6 39. Rb6+
Kg7 40. Rb5 Re2 41. Bf3 Rd2 42. Kg2 Kf6 43. Be4 Nc8 44. Rc5 Nd6 45. Bc2 Rd4 46.
Rc3 Kg7 47. Rf3 Nc4 48. Bb3 Ne5 49. Re3 Kf6 50. Re2 Rd3 51. Ba2 Ra3 52. Rb2 Nd3
53. Rb6+ Kg7 54. Bd5 Ra5 55. Rd6 Nb4 56. Be4 Na6 57. Rc6 Re5 58. Rxa6 Rxe4 59.
g4 Re2 60. Ra5 Kg6 61. Kg3 Rb2 62. Rc5 Ra2 63. Rb5 Rc2 64. h4 Ra2 65. Rb6+ Kg7
66. Rb5 Kg6 67. f3 Ra4 68. Rc5 Rb4 69. Re5 Ra4 70. Re4 Ra1 71. Rb4 Rh1 72. Rb6+
Kg7 73. g5 hxg5 74. hxg5 Ra1 75. Kg4 Ra5 76. Rc6 Rb5 77. Ra6 Rc5 78. f4 Rb5 79.
Ra8 Rb4 80. Ra5 Rc4 81. Kf5 Rc1 82. Re5 Ra1 83. Re3 Ra5+ 84. Kg4 Ra4 85. Kf5
Ra5+ 86. Re5 Ra1 87. Re4 Ra5+ 88. Kg4 f5+ 89. gxf6+ Kxf6 90. Rb4 Ra6 91. Rb7
Rc6 92. Ra7 Rb6 93. Rh7 Kg6 94. Rh8 Kg7 95. Rh1 Rb5 96. Ra1 Kg6 97. Ra6+ Kf7
98. f5 Rb1 99. Ra7+ Kf6 100. Ra6+ Kf7 101. Ra7+ 1/2-1/2

[Event "TOP 16 A group"]
[Site "BELFORT"]
[Date "????.??.??"]
[Round "4.1"]
[White "Eugene, Floryan"]
[Black "Bassini, Emile"]
[Result "1/2-1/2"]
[WhiteElo "2469"]
[BlackElo "2391"]
[PlyCount "50"]
[EventDate "2025.05.??"]
[WhiteTeam "LE MANS"]
[BlackTeam "BOIS COLOMBES"]
[WhiteTeamCountry "FRA"]
[BlackTeamCountry "FRA"]

1. e4 e6 2. d4 d5 3. Nc3 Nf6 4. e5 Nfd7 5. f4 c5 6. Nf3 Nc6 7. Be3 Qb6 8. Na4
Qa5+ 9. c3 b6 10. Bd2 c4 11. b4 Nxb4 12. cxb4 Bxb4 13. Qc2 Bxd2+ 14. Nxd2 b5
15. Nc3 b4 16. Nd1 Qb6 17. Nf3 Nb8 18. Ne3 Nc6 19. Bxc4 dxc4 20. Nxc4 Nxd4 21.
Qe4 Nxf3+ 22. gxf3 Qc5 23. Qxa8 Qxc4 24. Kf2 Qc2+ 25. Kg3 Qg6+ 1/2-1/2

[Event "TOP 16 A group"]
[Site "BELFORT"]
[Date "????.??.??"]
[Round "4.2"]
[White "Dionisi, Thomas"]
[Black "Eveno, Nathan"]
[Result "1-0"]
[WhiteElo "2410"]
[BlackElo "2249"]
[PlyCount "57"]
[EventDate "2025.05.??"]
[WhiteTeam "BOIS COLOMBES"]
[BlackTeam "LE MANS"]
[WhiteTeamCountry "FRA"]
[BlackTeamCountry "FRA"]

1. e4 c5 2. Nf3 Nc6 3. Bb5 g6 4. Bxc6 dxc6 5. d3 Bg7 6. h3 e5 7. a4 a5 8. Na3
Qc7 9. O-O h6 10. Be3 b6 11. Nc4 Ne7 12. b4 axb4 13. a5 bxa5 14. Bxc5 O-O 15.
Bxb4 Be6 16. Bxa5 Rxa5 17. Nxa5 g5 18. Nc4 f5 19. exf5 Bxf5 20. Nfd2 Ng6 21.
Ne4 Nf4 22. Ncd6 Be6 23. Rb1 h5 24. Rb7 Qd8 25. Qa1 g4 26. Rxg7+ Kxg7 27. Qxe5+
Kg6 28. Rb1 Rg8 29. Qxf4 1-0

[Event "TOP 16 A group"]
[Site "BELFORT"]
[Date "????.??.??"]
[Round "4.3"]
[White "Blot, Jerome"]
[Black "Samoun, Florent"]
[Result "1/2-1/2"]
[WhiteElo "2336"]
[BlackElo "2261"]
[PlyCount "133"]
[EventDate "2025.05.??"]
[WhiteTeam "LE MANS"]
[BlackTeam "BOIS COLOMBES"]
[WhiteTeamCountry "FRA"]
[BlackTeamCountry "FRA"]

1. Nf3 Nf6 2. g3 g6 3. Bg2 Bg7 4. O-O d5 5. c4 dxc4 6. Qa4+ Nfd7 7. Qxc4 O-O 8.
d4 Nc6 9. Rd1 Nb6 10. Qd3 e5 11. Nxe5 Nxe5 12. dxe5 Qxd3 13. Rxd3 Bxe5 14. Nc3
c6 15. Bh6 Re8 16. e4 Be6 17. b3 Bg7 18. Bxg7 Kxg7 19. Rad1 a5 20. Rd4 f6 21.
R1d2 Kf7 22. Bf1 Ke7 23. f3 Rec8 24. Kf2 Rc7 25. h4 Rd7 26. Ke3 Rxd4 27. Rxd4
Nd7 28. Bc4 b5 29. Bxe6 Kxe6 30. Ne2 Ke7 31. Rd2 Ra6 32. Nd4 b4 33. f4 Rb6 34.
g4 c5 35. Nf3 a4 36. Rc2 axb3 37. axb3 Ra6 38. Nd2 Ra1 39. g5 f5 40. h5 fxe4
41. hxg6 hxg6 42. Kxe4 Ke6 43. Nf3 Rb1 44. Nh4 Kf7 45. Rd2 Nf8 46. Rd3 Re1+ 47.
Re3 Rxe3+ 48. Kxe3 Ke6 49. Ke4 Kd6 50. f5 gxf5+ 51. Nxf5+ Ke6 52. Ne3 Ng6 53.
Nc4 Ne7 54. Ne5 Nf5 55. g6 Nd6+ 56. Kf4 Kf6 57. Nd7+ Kxg6 58. Nxc5 Kf6 59. Ke3
Ke5 60. Nd3+ Kd5 61. Nxb4+ Kc5 62. Nc2 Nb7 63. Kd3 Kb6 64. Kc3 Nc5 65. b4 Na6
66. Kc4 Nxb4 67. Nxb4 1/2-1/2

[Event "TOP 16 A group"]
[Site "BELFORT"]
[Date "????.??.??"]
[Round "4.4"]
[White "Metzger, Clement"]
[Black "Bouvet, Florian"]
[Result "0-1"]
[WhiteElo "2233"]
[BlackElo "2244"]
[PlyCount "84"]
[EventDate "2025.05.??"]
[WhiteTeam "BOIS COLOMBES"]
[BlackTeam "LE MANS"]
[WhiteTeamCountry "FRA"]
[BlackTeamCountry "FRA"]

1. e4 c6 2. d4 d5 3. e5 Bf5 4. h4 h5 5. Bd3 Bxd3 6. Qxd3 Qa5+ 7. Bd2 Qa6 8. Qb3
e6 9. Bg5 Nd7 10. Nd2 Ne7 11. Bxe7 Bxe7 12. O-O-O c5 13. Kb1 Rc8 14. Qg3 g6 15.
dxc5 Nxc5 16. Ngf3 Qa4 17. Nb3 Ne4 18. Qh2 Nxf2 19. Rd4 Rc4 20. Rf1 Ng4 21. Qf4
O-O 22. g3 b6 23. Qd2 Bc5 24. Rd3 Re4 25. Qc3 Bb4 26. Qc7 Rc4 27. Qb7 Rfc8 28.
a3 R4c7 29. Qxc8+ Rxc8 30. axb4 Qxb4 31. Nbd4 Rc4 32. c3 Qe7 33. Ng5 Nh6 34.
Rdf3 Nf5 35. Rf4 Qc7 36. Re1 b5 37. g4 hxg4 38. Rxg4 b4 39. h5 Nxd4 40. hxg6
fxg6 41. cxd4 b3 42. Nh7 Qxh7 0-1

[Event "TOP 16 A group"]
[Site "BELFORT"]
[Date "????.??.??"]
[Round "4.5"]
[White "Gao, Etienne"]
[Black "Negre, Emilie"]
[Result "1/2-1/2"]
[WhiteElo "2240"]
[BlackElo "2179"]
[PlyCount "117"]
[EventDate "2025.05.??"]
[WhiteTeam "LE MANS"]
[BlackTeam "BOIS COLOMBES"]
[WhiteTeamCountry "FRA"]
[BlackTeamCountry "FRA"]

1. e4 e5 2. Nf3 Nc6 3. Nc3 Nf6 4. a4 Bb4 5. Bd3 O-O 6. O-O Bc5 7. Nd5 d6 8. c3
a5 9. Bc2 Ba7 10. d4 h6 11. Qd3 Re8 12. Re1 exd4 13. e5 Nxe5 14. Nxf6+ Qxf6 15.
Qh7+ Kf8 16. Kh1 g5 17. Nxd4 Bd7 18. Be3 Qg7 19. Qe4 Nc6 20. Qf3 Bxd4 21. cxd4
Nxd4 22. Qd1 Nxc2 23. Qxc2 Bc6 24. Red1 Re4 25. b3 Rae8 26. Rac1 Kg8 27. Qd2
Qg6 28. Qxa5 Qh5 29. Kg1 Rg4 30. g3 Qh3 31. Rxc6 bxc6 32. Qxc7 Rge4 33. Qxc6
R4e6 34. a5 Qg4 35. Ra1 Qe4 36. Qxe4 Rxe4 37. a6 Ra8 38. a7 Rb4 39. Rd1 Rxb3
40. Rxd6 Rxe3 41. fxe3 Rxa7 42. Rxh6 Ra2 43. Rf6 Kg7 44. Rf2 Ra3 45. Rf3 g4 46.
Rf4 Ra1+ 47. Kf2 Ra2+ 48. Kf1 Rxh2 49. Rxg4+ Kf6 50. Rf4+ Kg6 51. e4 Ra2 52.
Ke1 f6 53. Rg4+ Kf7 54. Rf4 Ke6 55. Rf2 Ra3 56. Kd2 Rxg3 57. Rf5 Ra3 58. Rb5
Rh3 59. Ke2 1/2-1/2

[Event "TOP 16 A group"]
[Site "BELFORT"]
[Date "????.??.??"]
[Round "4.6"]
[White "Robert, Mathias"]
[Black "Harutyunyan, Safar"]
[Result "1/2-1/2"]
[WhiteElo "2265"]
[BlackElo "2258"]
[PlyCount "152"]
[EventDate "2025.05.??"]
[WhiteTeam "BOIS COLOMBES"]
[BlackTeam "LE MANS"]
[WhiteTeamCountry "FRA"]
[BlackTeamCountry "FRA"]

1. e4 e6 2. d4 d5 3. Nc3 Nf6 4. e5 Nfd7 5. f4 c5 6. Nf3 a6 7. Be3 Qb6 8. Na4
Qa5+ 9. c3 cxd4 10. b4 Qc7 11. Bxd4 Nc6 12. a3 Nxd4 13. cxd4 a5 14. b5 Nb6 15.
Rc1 Qd8 16. Nc5 Nc4 17. Bxc4 dxc4 18. Rxc4 b6 19. Qc2 bxc5 20. dxc5 a4 21. O-O
Be7 22. Rd1 Qa5 23. Rb1 O-O 24. Nd4 f6 25. b6 Qa6 26. c6 fxe5 27. b7 exd4 28.
bxa8=Q Qxa8 29. Rxa4 d3 30. Qc4 Bc5+ 31. Kh1 Qxc6 32. Qe4 Qxe4 33. Rxe4 d2 34.
Rd1 Bb7 35. Rxe6 Rxf4 36. Re2 Bxa3 37. Rexd2 h5 38. h3 Kh7 39. Rd7 Bc6 40. R7d2
Kh6 41. Ra2 Be7 42. Rc1 Bd5 43. Re2 Bf6 44. Rd1 Bc6 45. Rc1 Bb5 46. Ra2 Rb4 47.
Rac2 Rd4 48. Ra2 Be8 49. Re2 Bf7 50. Rec2 Bd5 51. Re2 Rd3 52. Kh2 Bh4 53. Ra1
Bg3+ 54. Kg1 g6 55. Rc2 Rd4 56. Re2 h4 57. Rc2 Kh5 58. Re2 g5 59. Rc2 g4 60.
hxg4+ Kxg4 61. Re2 Be4 62. Rea2 Bc6 63. Rc2 Bd5 64. Re2 h3 65. Rc2 hxg2 66.
Rxg2 Kh3 67. Rc2 Rd3 68. Kf1 Bf3 69. Rca2 Bg4 70. Ra3 Rd4 71. Ra4 Rd5 72. Ra5
Rd6 73. Ra6 Rd2 74. R6a2 Be2+ 75. Kg1 Bd6 76. Kf2 Rxa2 1/2-1/2

[Event "TOP 16 A group"]
[Site "BELFORT"]
[Date "????.??.??"]
[Round "4.7"]
[White "Gely, Yann"]
[Black "Yoganathan, Sakithyan"]
[Result "0-1"]
[WhiteElo "2134"]
[BlackElo "2214"]
[PlyCount "116"]
[EventDate "2025.05.??"]
[WhiteTeam "LE MANS"]
[BlackTeam "BOIS COLOMBES"]
[WhiteTeamCountry "FRA"]
[BlackTeamCountry "FRA"]

1. e4 c5 2. Nf3 e6 3. d4 cxd4 4. Nxd4 Nf6 5. Nc3 Nc6 6. Nxc6 bxc6 7. e5 Nd5 8.
Ne4 Qc7 9. f4 Bb7 10. c4 Bb4+ 11. Bd2 Nxf4 12. Bxb4 Qxe5 13. Qd6 Qxe4+ 14. Kd1
c5 15. Bxc5 Ng6 16. b4 f5 17. h4 Qe5 18. Rc1 Qxd6+ 19. Bxd6 h5 20. b5 a6 21. a3
Kf7 22. Rh3 Ne7 23. Rd3 Be4 24. Rd4 Ra7 25. Rc3 Rc8 26. b6 Rb7 27. c5 Nd5 28.
Rb3 Ra8 29. Ra4 a5 30. Kd2 Nf6 31. Bb5 Bd5 32. Rd3 Ne4+ 33. Rxe4 Bxe4 34. Rd4
Rc8 35. Ba6 Bxg2 36. Ra4 Ra8 37. Rxa5 Bf1 38. Bxf1 Rxa5 39. Bg2 Rba7 40. bxa7
Rxa7 41. c6 dxc6 42. Kc3 Kf6 43. Kb4 Ra6 44. Bc7 c5+ 45. Kb3 c4+ 46. Kb4 c3 47.
Bf4 e5 48. Bc1 e4 49. a4 Ke5 50. a5 Ra8 51. Bf1 Kd4 52. a6 e3 53. Kb5 f4 54.
Be2 Ke4 55. Kb6 f3 56. Bb5 Rxa6+ 57. Bxa6 e2 58. Bb7+ Ke5 0-1

[Event "TOP 16 A group"]
[Site "BELFORT"]
[Date "????.??.??"]
[Round "4.8"]
[White "Bremond, Eric"]
[Black "Budak, Lori"]
[Result "1-0"]
[WhiteElo "2129"]
[BlackElo "1908"]
[PlyCount "81"]
[EventDate "2025.05.??"]
[WhiteTeam "BOIS COLOMBES"]
[BlackTeam "LE MANS"]
[WhiteTeamCountry "FRA"]
[BlackTeamCountry "FRA"]

1. e4 c5 2. Nf3 Nc6 3. Bb5 Nd4 4. Nxd4 cxd4 5. O-O a6 6. Ba4 e6 7. c3 b5 8. Bc2
Bc5 9. cxd4 Bxd4 10. Nc3 Ne7 11. Ne2 Bb6 12. d4 Bb7 13. Bg5 f6 14. Be3 Rc8 15.
Ng3 O-O 16. Rc1 Qe8 17. Qd2 Qf7 18. f3 Nc6 19. Rfd1 Na5 20. b3 d5 21. exd5 Bxd5
22. Ne4 Nb7 23. Nc5 Kh8 24. Nxa6 Ba5 25. Qd3 g6 26. Qxb5 Bc3 27. Be4 Nd6 28.
Qd3 Bb2 29. Rxc8 Rxc8 30. Bxd5 exd5 31. Nc5 Nf5 32. Rb1 Ba3 33. b4 Qa7 34. Rb3
Ra8 35. Bf4 Kg7 36. g4 Ne7 37. Ne6+ Kf7 38. Nc7 Bc1 39. Nb5 Qxa2 40. Bxc1 Rc8
41. Nd6+ 1-0

[Event "TOP 16 A group"]
[Site "BELFORT"]
[Date "????.??.??"]
[Round "4.9"]
[White "Murzin, Volodar"]
[Black "Rathanvel, V S."]
[Result "1/2-1/2"]
[WhiteElo "2658"]
[BlackElo "2465"]
[PlyCount "47"]
[EventDate "2025.05.??"]
[WhiteTeam "TREMBLAY"]
[BlackTeam "LYON"]
[WhiteTeamCountry "FRA"]
[BlackTeamCountry "FRA"]

1. Nf3 Nf6 2. g3 g6 3. Bg2 Bg7 4. O-O O-O 5. d4 d5 6. c4 dxc4 7. Na3 c3 8. bxc3
c5 9. Rb1 Nc6 10. e3 Rb8 11. Ne5 Na5 12. Rb5 Nd7 13. Qa4 b6 14. Rxa5 Nxe5 15.
Rxa7 Bd7 16. Qa6 Bc8 17. Qe2 Bg4 18. f3 Nc6 19. Ra4 Bd7 20. Nb5 Qe8 21. Nc7 Qc8
22. Nb5 Qe8 23. Nc7 Qc8 24. Nb5 1/2-1/2

[Event "TOP 16 A group"]
[Site "BELFORT"]
[Date "????.??.??"]
[Round "4.10"]
[White "Fedorchuk, Sergey A"]
[Black "Bellahcene, Bilel"]
[Result "1/2-1/2"]
[WhiteElo "2565"]
[BlackElo "2504"]
[PlyCount "57"]
[EventDate "2025.05.??"]
[WhiteTeam "LYON"]
[BlackTeam "TREMBLAY"]
[WhiteTeamCountry "FRA"]
[BlackTeamCountry "FRA"]

1. e4 e5 2. Bc4 Nf6 3. d3 Nc6 4. Nf3 h6 5. c3 d6 6. a4 g6 7. Qb3 Qe7 8. a5 a6
9. Nbd2 Bg7 10. Nf1 O-O 11. Ng3 Nd8 12. O-O Be6 13. Re1 Bxc4 14. Qxc4 Re8 15.
h3 Qd7 16. Qb3 Qe6 17. Qa4 Qd7 18. Qb3 Qe6 19. Qc2 c5 20. Nd2 Nc6 21. Nc4 Rad8
22. Be3 Kh7 23. Nb6 Rf8 24. f4 exf4 25. Bxf4 Nd7 26. Nd5 Nf6 27. Nb6 Nd7 28.
Nd5 Nf6 29. Nb6 1/2-1/2

[Event "TOP 16 A group"]
[Site "BELFORT"]
[Date "????.??.??"]
[Round "4.11"]
[White "Van Foreest, Lucas"]
[Black "Hejazipour, Mitra"]
[Result "1-0"]
[WhiteElo "2530"]
[BlackElo "2310"]
[PlyCount "79"]
[EventDate "2025.05.??"]
[WhiteTeam "TREMBLAY"]
[BlackTeam "LYON"]
[WhiteTeamCountry "FRA"]
[BlackTeamCountry "FRA"]

1. c4 Nf6 2. Nc3 e5 3. Nf3 Nc6 4. e4 Bb4 5. d3 d6 6. a3 Bxc3+ 7. bxc3 h6 8. g3
Bg4 9. Bg2 Qc8 10. O-O O-O 11. Qc2 Bh3 12. Nh4 Bxg2 13. Kxg2 Ne7 14. h3 Nd7 15.
f4 exf4 16. gxf4 f5 17. Kh2 Qe8 18. Qe2 fxe4 19. dxe4 Ng6 20. Nxg6 Qxg6 21. Rg1
Qf6 22. Be3 Rf7 23. Raf1 c5 24. Bd2 Re8 25. Rg3 Qe6 26. f5 Qf6 27. Rf4 Ne5 28.
Rf2 Kf8 29. Rfg2 Ke7 30. Bf4 Kd8 31. Qd1 Ree7 32. Rg6 Nxg6 33. Rxg6 Rxe4 34.
Rxf6 Rxf6 35. Bxd6 Rxf5 36. Bg3+ Ke7 37. Qd6+ Kf7 38. Qd3 Rfe5 39. Bxe5 Rxe5
40. Qf3+ 1-0

[Event "TOP 16 A group"]
[Site "BELFORT"]
[Date "????.??.??"]
[Round "4.12"]
[White "Tahay, Alexis"]
[Black "Kobalia, Mikhail"]
[Result "0-1"]
[WhiteElo "2375"]
[BlackElo "2538"]
[PlyCount "112"]
[EventDate "2025.05.??"]
[WhiteTeam "LYON"]
[BlackTeam "TREMBLAY"]
[WhiteTeamCountry "FRA"]
[BlackTeamCountry "FRA"]

1. e4 c5 2. Nf3 e6 3. d4 cxd4 4. Nxd4 Nc6 5. Nc3 Qc7 6. Ncb5 Qb8 7. Bd3 Nf6 8.
O-O Be7 9. b3 a6 10. Nxc6 dxc6 11. Nd4 O-O 12. Bb2 e5 13. Nf3 Nd7 14. Qd2 b5
15. Rad1 f6 16. Nh4 g6 17. Qe3 Nc5 18. Qg3 Ne6 19. Bc1 Nf4 20. Nf5 Bc5 21. Be3
Bxe3 22. fxe3 Qa7 23. Kh1 Ne6 24. Be2 Nc5 25. Nd6 Qe7 26. Qe1 Nb7 27. Nxb7 Bxb7
28. Qa5 c5 29. a4 Bxe4 30. axb5 Bxc2 31. Rc1 axb5 32. Qxb5 Bf5 33. Qxc5 Qxc5
34. Rxc5 Be4 35. h4 Ra2 36. Bf3 Bxf3 37. Rxf3 Kg7 38. Kh2 Rb2 39. Rb5 e4 40.
Rg3 Re2 41. Rb6 Re8 42. h5 g5 43. h6+ Kf7 44. Kh3 Kg6 45. Kh2 Re7 46. b4 Rf7
47. Re6 Kf5 48. Rc6 Rb2 49. Rc5+ Kg6 50. Rc4 f5 51. Rh3 g4 52. Rh4 Kg5 53. Kg3
Rb3 54. Rh1 Rxe3+ 55. Kf2 Rb3 56. Rd1 Ra7 0-1

[Event "TOP 16 A group"]
[Site "BELFORT"]
[Date "????.??.??"]
[Round "4.13"]
[White "Abergel, Thal"]
[Black "Crut, Aurelien"]
[Result "1/2-1/2"]
[WhiteElo "2415"]
[BlackElo "2274"]
[PlyCount "102"]
[EventDate "2025.05.??"]
[WhiteTeam "TREMBLAY"]
[BlackTeam "LYON"]
[WhiteTeamCountry "FRA"]
[BlackTeamCountry "FRA"]

1. c4 e6 2. g3 d5 3. Bg2 dxc4 4. Qa4+ Nd7 5. Qxc4 Ngf6 6. d4 c5 7. Nf3 a6 8.
Qc2 Ra7 9. O-O b6 10. Rd1 Bb7 11. Bg5 Qa8 12. Nc3 cxd4 13. Rxd4 Bc5 14. Rh4 h6
15. b4 Be7 16. Rd1 Qc8 17. Qb3 Bxf3 18. Bxf3 Rc7 19. Bd2 Ne5 20. Na4 Nxf3+ 21.
Qxf3 Nd7 22. Re4 b5 23. Nc3 Nf6 24. Rh4 Qb7 25. Ne4 Nxe4 26. Rxe4 Rd7 27. Qg4
O-O 28. Rd4 Rxd4 29. Qxd4 Rd8 30. Qc3 Bg5 31. h4 Bf6 32. Qc2 Qd5 33. e4 Qc4 34.
Rc1 Qe2 35. Be3 Qxc2 36. Rxc2 Rd1+ 37. Kg2 Rb1 38. Bc5 h5 39. Kf3 Rb2 40. Rxb2
Bxb2 41. Ke3 f6 42. Bd4 Bc1+ 43. Kd3 e5 44. Bc3 Kf7 45. Ke2 g6 46. f3 Bh6 47.
Be1 Ke6 48. Bf2 Bf8 49. Be1 Bh6 50. Bf2 Bf8 51. Be1 Bh6 1/2-1/2

[Event "TOP 16 A group"]
[Site "BELFORT"]
[Date "????.??.??"]
[Round "4.14"]
[White "Lux, Hugo de Melo"]
[Black "Shchekachev, Andrei"]
[Result "1/2-1/2"]
[WhiteElo "2315"]
[BlackElo "2445"]
[PlyCount "89"]
[EventDate "2025.05.??"]
[WhiteTeam "LYON"]
[BlackTeam "TREMBLAY"]
[WhiteTeamCountry "FRA"]
[BlackTeamCountry "FRA"]

1. e4 c5 2. d4 cxd4 3. Qxd4 Nc6 4. Qd3 e6 5. Nc3 a6 6. Bf4 b5 7. O-O-O Bb7 8.
Bd6 Bxd6 9. Qxd6 Nge7 10. h4 O-O 11. Rh3 Qb6 12. Bd3 Qxf2 13. Nf3 Nc8 14. Qf4
f6 15. Rf1 Qc5 16. e5 f5 17. Rg3 Nb6 18. h5 b4 19. Ne4 fxe4 20. Qxe4 Rf5 21.
Qg4 Qe3+ 22. Kb1 Qh6 23. Bxf5 exf5 24. Qxf5 Ne7 25. Qg4 Rf8 26. Qxb4 Ned5 27.
Qb3 a5 28. Re1 a4 29. Qd3 Nf4 30. Qd6 Qxd6 31. exd6 Nc8 32. h6 Ng6 33. hxg7
Kxg7 34. Ne5 Re8 35. Ree3 Rf8 36. c3 Rf1+ 37. Kc2 Rf2+ 38. Kc1 Nxd6 39. Nxg6
hxg6 40. Rd3 Nf5 41. Rxd7+ Kf6 42. Rxg6+ Kxg6 43. Rxb7 Ne3 44. a3 Nxg2 45. Kb1
1/2-1/2

[Event "TOP 16 A group"]
[Site "BELFORT"]
[Date "????.??.??"]
[Round "4.15"]
[White "Cassam-Chenai, Antoine"]
[Black "Mathieu, Phileas"]
[Result "0-1"]
[WhiteElo "2233"]
[BlackElo "2346"]
[PlyCount "64"]
[EventDate "2025.05.??"]
[WhiteTeam "TREMBLAY"]
[BlackTeam "LYON"]
[WhiteTeamCountry "FRA"]
[BlackTeamCountry "FRA"]

1. e4 c5 2. Nf3 d6 3. Bb5+ Nd7 4. O-O a6 5. Bd3 e6 6. c3 Ngf6 7. Bc2 c4 8. b3
b5 9. Qe2 Qc7 10. bxc4 bxc4 11. a4 Bb7 12. Na3 Rc8 13. Rb1 Ba8 14. Re1 Be7 15.
d3 cxd3 16. Bxd3 Nc5 17. e5 Nd5 18. Qc2 Nxd3 19. Qxd3 Nxc3 20. Ra1 Bxf3 21.
Qxf3 d5 22. Qg3 g6 23. Qd3 Ne4 24. Qxa6 O-O 25. Bh6 Ra8 26. Qd3 Rfc8 27. Nb5
Qxe5 28. f3 Nc5 29. Qb1 Qf6 30. f4 Ne4 31. Qd3 Bc5+ 32. Kf1 Qh4 0-1

[Event "TOP 16 A group"]
[Site "BELFORT"]
[Date "????.??.??"]
[Round "4.16"]
[White "Breuil, Tristan"]
[Black "Hernandez, Lara"]
[Result "1-0"]
[WhiteElo "2362"]
[BlackElo "1978"]
[PlyCount "79"]
[EventDate "2025.05.??"]
[WhiteTeam "LYON"]
[BlackTeam "TREMBLAY"]
[WhiteTeamCountry "FRA"]
[BlackTeamCountry "FRA"]

1. e4 d6 2. d4 Nf6 3. Nc3 e5 4. Nf3 Nbd7 5. Bc4 Be7 6. O-O O-O 7. a4 c6 8. h3
b6 9. Re1 a6 10. d5 Bb7 11. Bf1 cxd5 12. Nxd5 Nxd5 13. exd5 f5 14. c4 a5 15. b4
axb4 16. Bd2 Nc5 17. Bxb4 Qc7 18. Nd2 Bf6 19. Nb1 Ra6 20. Nc3 Rfa8 21. Ra3 Qd8
22. Bd3 Bc8 23. Bc2 e4 24. Nb5 Be5 25. Bc3 Bxc3 26. Nxc3 Bd7 27. f3 Qh4 28.
fxe4 Re8 29. Nb5 Bxb5 30. cxb5 Ra7 31. e5 dxe5 32. Bxf5 g6 33. Bg4 h5 34. Bf3
Qb4 35. Rae3 Rxa4 36. Bxh5 Ra2 37. Bxg6 Re7 38. R3e2 Rxe2 39. Rxe2 Rg7 40. Bf5
1-0

[Event "TOP 16 A group"]
[Site "BELFORT"]
[Date "????.??.??"]
[Round "4.17"]
[White "Mamedov, Rauf"]
[Black "Ganguly, Surya Shekhar"]
[Result "1/2-1/2"]
[WhiteElo "2657"]
[BlackElo "2569"]
[PlyCount "104"]
[EventDate "2025.05.??"]
[WhiteTeam "CHARTRES"]
[BlackTeam "METZ"]
[WhiteTeamCountry "FRA"]
[BlackTeamCountry "FRA"]

1. c4 e5 2. g3 d6 3. Bg2 f5 4. Nc3 Nf6 5. d3 Be7 6. Rb1 a5 7. a3 O-O 8. Nf3 c6
9. O-O h6 10. c5 Be6 11. cxd6 Bxd6 12. e4 Na6 13. d4 Nxe4 14. Nxe5 Bxe5 15.
dxe5 Bc4 16. Re1 Nac5 17. Nxe4 Nxe4 18. Be3 Qe7 19. Rc1 Qe6 20. Qd4 b5 21. Red1
Rf7 22. Qb6 Bd5 23. f3 Ng5 24. Bxg5 hxg5 25. f4 Bxg2 26. Kxg2 gxf4 27. gxf4 Rc8
28. Rd6 Qb3 29. Qf2 b4 30. axb4 Qxb4 31. Rd4 Qb5 32. Rcd1 c5 33. Rd6 c4 34.
R1d5 Qb7 35. Kg1 c3 36. bxc3 Rxc3 37. Rd1 Qf3 38. Rd8+ Rf8 39. Rxf8+ Kxf8 40.
Qxf3 Rxf3 41. Rd4 Re3 42. Ra4 Re4 43. Rxa5 Rxf4 44. Kg2 Kf7 45. Ra7+ Kg6 46.
Re7 Ra4 47. Kf3 Ra2 48. h4 Ra3+ 49. Kg2 Re3 50. e6 Re4 51. h5+ Kxh5 52. Rxg7
Rxe6 1/2-1/2

[Event "TOP 16 A group"]
[Site "BELFORT"]
[Date "????.??.??"]
[Round "4.18"]
[White "Chigaev, Maksim"]
[Black "Maurizzi, Marc`Andria"]
[Result "1/2-1/2"]
[WhiteElo "2635"]
[BlackElo "2607"]
[PlyCount "47"]
[EventDate "2025.05.??"]
[WhiteTeam "METZ"]
[BlackTeam "CHARTRES"]
[WhiteTeamCountry "FRA"]
[BlackTeamCountry "FRA"]

1. d4 d5 2. Nf3 Nf6 3. c4 e6 4. g3 Be7 5. Bg2 O-O 6. Qc2 c5 7. dxc5 Qa5+ 8. Qc3
Qxc5 9. cxd5 Qxd5 10. Qc2 Nc6 11. Nc3 Qh5 12. O-O e5 13. Bg5 Ng4 14. Qc1 f6 15.
Bd2 f5 16. Nd5 e4 17. Nxe7+ Nxe7 18. Qc4+ Rf7 19. Nh4 Ne5 20. Qc3 N5c6 21. f3
Be6 22. fxe4 fxe4 23. Bxe4 Qxe2 24. Rxf7 1/2-1/2

[Event "TOP 16 A group"]
[Site "BELFORT"]
[Date "????.??.??"]
[Round "4.19"]
[White "Fressinet, Laurent"]
[Black "Bailet, Pierre"]
[Result "1-0"]
[WhiteElo "2593"]
[BlackElo "2472"]
[PlyCount "63"]
[EventDate "2025.05.??"]
[WhiteTeam "CHARTRES"]
[BlackTeam "METZ"]
[WhiteTeamCountry "FRA"]
[BlackTeamCountry "FRA"]

1. e4 c5 2. Nf3 Nc6 3. Bb5 e6 4. O-O Nge7 5. Re1 Nd4 6. Nxd4 cxd4 7. c3 a6 8.
Bf1 Nc6 9. Na3 b5 10. Nc2 Bc5 11. b4 Bb6 12. a4 bxa4 13. Rxa4 dxc3 14. dxc3 O-O
15. Be3 Bc7 16. b5 Na5 17. c4 Bb7 18. Qd4 axb5 19. cxb5 d5 20. exd5 Bxd5 21. b6
Bd6 22. Rea1 Rc8 23. Rxa5 Rxc2 24. g3 Qb8 25. Bg2 Be5 26. Qd1 Rcc8 27. Rb1 Bxg2
28. Kxg2 Rcd8 29. Qf3 Bd4 30. Bxd4 Rxd4 31. b7 Rdd8 32. Ra8 1-0

[Event "TOP 16 A group"]
[Site "BELFORT"]
[Date "????.??.??"]
[Round "4.20"]
[White "Travadon, Loic"]
[Black "Kamsky, Gata"]
[Result "1/2-1/2"]
[WhiteElo "2447"]
[BlackElo "2606"]
[PlyCount "43"]
[EventDate "2025.05.??"]
[WhiteTeam "METZ"]
[BlackTeam "CHARTRES"]
[WhiteTeamCountry "FRA"]
[BlackTeamCountry "FRA"]

1. e4 e5 2. Nf3 Nc6 3. Bc4 Nf6 4. d3 Be7 5. O-O O-O 6. Nc3 d6 7. a4 a5 8. Re1
h6 9. h3 Re8 10. Bb5 Bd7 11. Ne2 Bf8 12. Ng3 g6 13. c3 Bg7 14. Bd2 Nb8 15. Bc4
Be6 16. Bxe6 Rxe6 17. d4 Nbd7 18. Qc1 Kh7 19. Qc2 b6 20. Rad1 Qc8 21. Be3 Qb7
22. d5 1/2-1/2